All Mario Power-Ups - Statistics

General Stats
  • This quiz has been taken 45 times
  • The average score is 17 of 68
Answer Stats
Hint Answer % Correct
Super Mario Bros. Fire Flower
100%
Super Mario Bros. Super Mushroom
96%
Super Mario Bros. Super Star
89%
Super Mario Galaxy Rainbow Star
82%
Super Mario Galaxy Ice Flower
68%
Super Mario Bros. 3 Frog Suit
50%
Super Mario Bros. 2/ The Lost Levels Poison Mushroom
50%
Super Mario 64 Metal Cap
46%
Super Mario Bros. 3 Tanooki Suit
43%
Super Mario 64 Wing Cap
43%
New Super Mario Bros. Blue Shell
39%
New Super Mario Bros. Mini Mushroom
39%
New Super Mario Bros. Wii Penguin Suit
39%
Super Mario Bros. Wonder Bubble Flower
36%
Super Mario Galaxy 2 Cloud Flower
36%
New Super Mario Bros. Mega Mushroom
36%
Super Mario Bros. 3 P-Wing
36%
Super Mario 3D Land Boomerang Flower
32%
Super Mario Land 2: 6 Golden Coins Carrot
32%
Super Mario Bros. 3 Hammer Suit
32%
New Super Mario Bros. Wii Propeller Mushroom
32%
Super Mario Land Superball Flower
32%
Super Mario 64 Vanish Cap
32%
Super Mario World Cape Feather
29%
Super Mario Galaxy 2 Rock Mushroom
29%
Super Mario Galaxy Bee Mushroom
25%
Super Mario Galaxy Boo Mushroom
25%
Super Mario Bros. Wonder Drill Mushroom
25%
Super Mario Galaxy Spring Mushroom
25%
Super Mario 3D World Super Bell
25%
Super Mario Bros. 3 Super Leaf
25%
New Super Mario Bros. 2 Gold Flower
21%
Super Mario Bros. Wonder Wonder Flower
21%
Super Mario 3D World + Bowser's Fury Giga Bell
18%
Super Mario Sunshine Hover Nozzle
18%
Super Mario World P-Balloon
18%
Super Mario Galaxy Red Star
18%
Super Mario Sunshine Rocket Nozzle
18%
New Super Mario Bros. U Super Acorn
18%
Super Mario Bros. Wonder Elephant Fruit
14%
Super Mario 3D World Goomba Mask
14%
Super Mario 64 DS Power Flower
14%
Super Mario Maker 2 Red POW Box
14%
Super Mario Maker 2 Super Hammer
14%
Super Mario Sunshine Turbo Nozzle
14%
Super Mario 3D World Double Cherry
11%
New Super Mario Bros. U P-Acorn
11%
Super Mario Maker Big Mushroom
7%
Super Mario Galaxy 2 Bulb Berry
7%
Super Mario Maker 2 Bullet Bill Mask
7%
Super Mario Galaxy 2 Dash Pepper
7%
Super Mario Galaxy Life Mushroom
7%
Super Mario 3D World Lucky Cat Bell
7%
Super Mario 3D Land Propeller Box
7%
Super Mario 3D Land Statue Leaf
7%
New Super Mario Bros. U Deluxe Super Crown
7%
Super Mario Maker Weird Mushroom
7%
Super Mario Galaxy 2 Blimp Fruit
4%
Super Mario 3D World Cannon Box
4%
Super Mario Odyssey Life-Up Heart
4%
Super Mario Maker 2 Master Sword
4%
Super Mario Maker 2 Rotten Mushroom
4%
Super Mario Maker 2 SMB2 Mushroom
4%
Super Mario 3D Land Coin Box
0%
Super Mario 3D Land Invincibility Leaf
0%
Super Mario 3D World Light Box
0%
Super Mario Maker Mystery Mushroom
0%
Super Mario Galaxy 2 Spindrill
0%
No matching quizzes found
Score Distribution
Percent of People with Each Score
Percentile by Number Answered
Your Score History
You have not taken this quiz